[Event "WchT Blitz Pool C"]
[Site "London"]
[Date "2025.06.14"]
[Round "3.6"]
[White "Imomkuzieva, Nilufarkhon"]
[Black "Sezdbekova, Aizhan"]
[Result "0-1"]
[WhiteElo "2066"]
[BlackElo "1884"]
[PlyCount "70"]
[EventDate "2025.06.14"]
[EventType "team-tourn"]
[EventRounds "13"]
[EventCountry "ENG"]
[SourceTitle "CB25_2025"]
[SourceDate "2025.06.18"]
[SourceVersion "1"]
[SourceVersionDate "2025.06.18"]
[SourceQuality "1"]
[WhiteTeam "Uzbekistan"]
[BlackTeam "KYR Youth"]
[WhiteTeamCountry "UZB"]
[BlackTeamCountry "KGZ"]

1. e4 e5 2. Nf3 Nc6 3. Bc4 Nf6 4. d3 Bc5 5. c3 d6 6. 0-0 0-0 7. Nbd2 Bb6 8. h3 Ne7 9. Re1 Ng6 10. Nf1 c6 11. d4 Re8 12. Ng3 Bc7 13. Be3 d5 14. exd5 e4 15. d6 Bxd6 16. Ng5 Re7 17. Qb3 Qe8 18. Bd2 Bxg3 19. fxg3 h6 20. Nxf7 Rxf7 21. g4 Nd5 22. Bxd5 cxd5 23. Qxd5 Kh8 24. Rxe4 Qf8 25. Rae1 Bd7 26. Qxb7 Rb8 27. Qxa7 Rxb2 28. R4e2 Bb5 29. Qb6 Bxe2 30. Qxg6 Bc4 31. Bc1 Bb5 32. Bxb2 Rf2 33. Bc1 Rxa2 34. Qe6 Qf2+ 35. Kh2 Qxg2# 0-1

[Event "WchT Blitz Pool C"]
[Site "London"]
[Date "2025.06.14"]
[Round "11.5"]
[White "Mamedjarova, Turkan"]
[Black "Sezdbekova, Aizhan"]
[Result "1-0"]
[WhiteElo "2216"]
[BlackElo "1884"]
[PlyCount "95"]
[EventDate "2025.06.14"]
[EventType "team-tourn"]
[EventRounds "13"]
[EventCountry "ENG"]
[SourceTitle "CB25_2025"]
[SourceDate "2025.06.18"]
[SourceVersion "1"]
[SourceVersionDate "2025.06.18"]
[SourceQuality "1"]
[WhiteTeam "Generation XYZA"]
[BlackTeam "KYR Youth"]
[WhiteTeamCountry "TUR"]
[BlackTeamCountry "KGZ"]

1. e4 e5 2. Nf3 Nc6 3. d4 exd4 4. Nxd4 Nf6 5. Nxc6 bxc6 6. Bd3 d5 7. e5 Ng4 8. Bf4 Bc5 9. 0-0 0-0 10. Qf3 f5 11. h3 Nh6 12. Qg3 Nf7 13. Re1 Be6 14. h4 Be7 15. h5 Bg5 16. Nd2 Bxf4 17. Qxf4 Qg5 18. Qxg5 Nxg5 19. Nb3 Ne4 20. Nd4 Rae8 21. Nxc6 Bd7 22. Nd4 c5 23. Bb5 Bxb5 24. Nxb5 Re7 25. Rad1 d4 26. c3 a6 27. Na3 dxc3 28. f3 Ng3 29. bxc3 Nxh5 30. Kf2 Nf4 31. g3 Ne6 32. Nc4 g5 33. Rd6 Rb8 34. Rxa6 Kf7 35. Nd6+ Kg6 36. Nc4 Kf7 37. a4 Rb3 38. Rh1 Kg7 39. Nd6 Kg6 40. g4 fxg4 41. fxg4 Rxc3 42. Nf5 Re8 43. Rh6+ Kf7 44. Rf6+ Kg8 45. Raxe6 Rxe6 46. Rxe6 Rc4 47. Re8+ Kf7 48. Nd6+ 1-0

[Event "WchT Blitz Pool C"]
[Site "London"]
[Date "2025.06.14"]
[Round "12.5"]
[White "Sezdbekova, Aizhan"]
[Black "Grigoryan, Meri"]
[Result "1-0"]
[WhiteElo "1884"]
[BlackElo "1980"]
[PlyCount "84"]
[EventDate "2025.06.14"]
[EventType "team-tourn"]
[EventRounds "13"]
[EventCountry "ENG"]
[SourceTitle "CB25_2025"]
[SourceDate "2025.06.18"]
[SourceVersion "1"]
[SourceVersionDate "2025.06.18"]
[SourceQuality "1"]
[WhiteTeam "KYR Youth"]
[BlackTeam "ANI"]
[WhiteTeamCountry "KGZ"]
[BlackTeamCountry "ENG"]

1. e4 c5 2. Nf3 d6 3. c3 Nc6 4. d4 cxd4 5. cxd4 e6 6. Nc3 g6 7. Be3 Bg7 8. Bb5 Bd7 9. 0-0 Nge7 10. d5 exd5 11. exd5 Ne5 12. Nxe5 Bxe5 13. Qa4 Bxb5 14. Qxb5+ Qd7 15. Qxd7+ Kxd7 16. Rfd1 a6 17. Bb6 Rac8 18. Bd4 Bxd4 19. Rxd4 b5 20. Ne4 Nf5 21. Rd2 Rc4 22. Re1 Rhc8 23. Nf6+ Kc7 24. g4 Nd4 25. Re7+ Kb6 26. Kg2 b4 27. Rxf7 b3 28. axb3 Nxb3 29. Rd3 Nc1 30. Ra3 Ne2 31. Nd7+ Kb5 32. Rb3+ Ka5 33. Nb6 Rxg4+ 34. Kf3 Nd4+ 35. Kxg4 Nxb3 36. Nxc8 h5+ 37. Kg5 Nd2 38. Nxd6 Kb6 39. Ne8 Kc5 40. d6 Ne4+ 41. Kxg6 Nxd6 42. Nxd6 Kxd6 1-0

[Event "WchT Blitz Pool C"]
[Site "London"]
[Date "2025.06.14"]
[Round "9.4"]
[White "Sezdbekova, Aizhan"]
[Black "Tsaknakis, Zisis"]
[Result "0-1"]
[WhiteElo "1884"]
[BlackElo "2333"]
[PlyCount "160"]
[EventDate "2025.06.14"]
[EventType "team-tourn"]
[EventRounds "13"]
[EventCountry "ENG"]
[SourceTitle "CB25_2025"]
[SourceDate "2025.06.18"]
[SourceVersion "1"]
[SourceVersionDate "2025.06.18"]
[SourceQuality "1"]
[WhiteTeam "KYR Youth"]
[BlackTeam "Chess Rising Stars"]
[WhiteTeamCountry "KGZ"]
[BlackTeamCountry "GRE"]

1. e4 e5 2. Nf3 Nc6 3. Bc4 Nf6 4. d3 h6 5. c3 d6 6. Nbd2 g6 7. d4 Bg7 8. h3 0-0 9. 0-0 exd4 10. cxd4 d5 11. exd5 Nxd5 12. Nb3 b6 13. Be3 Bb7 14. Rc1 Qd6 15. a3 Rfe8 16. Qd3 Kh7 17. Rfe1 Rad8 18. Bb5 Re6 19. Nbd2 Nxe3 20. fxe3 Ne7 21. Bc4 Nd5 22. Bxd5 Bxd5 23. e4 Bb7 24. d5 c6 25. Nc4 Qf8 26. d6 b5 27. Na5 Rexd6 28. Qc2 Ba8 29. e5 Re6 30. b4 Rde8 31. Qc5 Qh8 32. Re2 Bxe5 33. Nxe5 Rxe5 34. Rxe5 Rxe5 35. Qxa7 Qe8 36. Rf1 Re7 37. Qc5 Kg8 38. Qd4 Bb7 39. Qf6 Bc8 40. Qf4 Bf5 41. Qxh6 Bd3 42. Rc1 Re1+ 43. Rxe1 Qxe1+ 44. Kh2 Qe5+ 45. Kg1 Qa1+ 46. Kh2 Qe5+ 47. Kg1 Be4 48. Qe3 Qd5 49. Qf2 Qd3 50. Nb7 Qxa3 51. Nd6 Qa1+ 52. Kh2 Qe5+ 53. Qg3 Qxg3+ 54. Kxg3 Bd5 55. Kf4 f6 56. g4 Kf8 57. Nc8 Kf7 58. Nb6 g5+ 59. Ke3 Bg2 60. Nc8 Bxh3 61. Na7 Bxg4 62. Nxc6 Bd7 63. Nd4 f5 64. Nf3 Kf6 65. Nd4 f4+ 66. Kf3 Ke5 67. Nb3 g4+ 68. Kf2 g3+ 69. Kf3 Bc6+ 70. Ke2 f3+ 71. Kf1 f2 72. Nc1 Be4 73. Ke2 Kd4 74. Nb3+ Kc3 75. Nc5 Bd3+ 76. Nxd3 f1Q+ 77. Kxf1 Kxd3 78. Kg2 Kc4 79. Kxg3 Kxb4 80. Kf2 Kc3 0-1

[Event "WchT Rapid"]
[Site "London"]
[Date "2025.06.13"]
[Round "10.6"]
[White "Kendall, Arthur"]
[Black "Sezdbekova, Aizhan"]
[Result "1-0"]
[WhiteElo "1712"]
[BlackElo "1793"]
[PlyCount "147"]
[EventDate "2025.06.11"]
[EventType "team-swiss"]
[EventRounds "12"]
[EventCountry "ENG"]
[SourceTitle "CB25_2025"]
[SourceDate "2025.06.18"]
[SourceVersion "1"]
[SourceVersionDate "2025.06.18"]
[SourceQuality "1"]
[WhiteTeam "Chess Trust Accelerators"]
[BlackTeam "KYR Youth"]
[WhiteTeamCountry "ENG"]
[BlackTeamCountry "KGZ"]

1. d4 Nf6 2. c4 e6 3. Nf3 d5 4. g3 c6 5. Bg2 Bd6 6. 0-0 0-0 7. Qc2 Nbd7 8. Nbd2 e5 9. dxe5 Nxe5 10. Nxe5 Bxe5 11. Nf3 Qc7 12. Nxe5 Qxe5 13. cxd5 cxd5 14. Bf4 Qh5 15. Rfd1 Be6 16. Rd4 Rac8 17. Qd2 h6 18. Bf3 Qf5 19. Rd3 Rc6 20. Rc1 Bd7 21. Rxc6 bxc6 22. Ra3 Ra8 23. Qd4 a6 24. Qb6 Qc2 25. Kg2 Qc4 26. Qb7 Re8 27. Qxa6 Qd4 28. Rb3 g5 29. Be3 Qe5 30. h3 d4 31. Bd2 c5 32. Rb6 Kg7 33. e3 Qf5 34. g4 Qe5 35. exd4 cxd4 36. Qa5 Qxa5 37. Bxa5 Re5 38. Bb4 Re6 39. Rxe6 fxe6 40. Bd6 d3 41. Kf1 Bb5 42. Ke1 Nd7 43. Kd2 Nb6 44. b3 Kf6 45. Be4 e5 46. Bxd3 Bc6 47. Bf1 Ke6 48. Bf8 Nd7 49. Ba3 Nf6 50. Ke3 Nd5+ 51. Kd2 Nf4 52. Bf8 h5 53. gxh5 Nxh5 54. a4 Nf4 55. a5 Ba8 56. b4 Kd7 57. b5 Bd5 58. Bc5 Ne6 59. Be3 Kc8 60. Be2 Nf4 61. Bxf4 exf4 62. Bg4+ Kb7 63. Kc3 Bg2 64. Kd4 Bf1 65. Kc5 Bg2 66. Kd6 Be4 67. Ke5 Bd3 68. Bd7 Kc7 69. a6 Bf1 70. Bc6 Kb6 71. Kf6 Bxh3 72. Kxg5 f3 73. Kf4 Bc8 74. Bxf3 1-0

[Event "WchT Rapid"]
[Site "London"]
[Date "2025.06.13"]
[Round "11.6"]
[White "Sezdbekova, Aizhan"]
[Black "Enkhbayar, Genden"]
[Result "1-0"]
[WhiteElo "1793"]
[BlackElo "1837"]
[PlyCount "69"]
[EventDate "2025.06.11"]
[EventType "team-swiss"]
[EventRounds "12"]
[EventCountry "ENG"]
[SourceTitle "CB25_2025"]
[SourceDate "2025.06.18"]
[SourceVersion "1"]
[SourceVersionDate "2025.06.18"]
[SourceQuality "1"]
[WhiteTeam "KYR Youth"]
[BlackTeam "Mongolia II"]
[WhiteTeamCountry "KGZ"]
[BlackTeamCountry "MGL"]

1. e4 e5 2. Nf3 Nc6 3. Bc4 Bc5 4. c3 d6 5. d4 exd4 6. cxd4 Bb4+ 7. Nc3 Nf6 8. Bg5 h6 9. Bh4 Bg4 10. d5 Bxc3+ 11. bxc3 Ne5 12. Be2 g5 13. Bg3 Nxf3+ 14. Bxf3 Qd7 15. 0-0 h5 16. Bxg4 Nxg4 17. f3 Ne5 18. Rb1 0-0-0 19. Qd4 Kb8 20. Bxe5 dxe5 21. Qxe5 g4 22. c4 gxf3 23. Rxf3 Rde8 24. Qd4 Qe7 25. Re1 Rh6 26. e5 Ra6 27. Qf2 Rf8 28. e6 f6 29. Rf1 Ra4 30. Rxf6 Rc8 31. Rf8 b6 32. Rxc8+ Kxc8 33. Qf8+ Qxf8 34. Rxf8+ Kb7 35. e7 1-0

[Event "WchT Rapid"]
[Site "London"]
[Date "2025.06.13"]
[Round "9.6"]
[White "Sezdbekova, Aizhan"]
[Black "Nayberg, Simona"]
[Result "1-0"]
[WhiteElo "1793"]
[BlackElo "1833"]
[PlyCount "69"]
[EventDate "2025.06.11"]
[EventType "team-swiss"]
[EventRounds "12"]
[EventCountry "ENG"]
[SourceTitle "CB25_2025"]
[SourceDate "2025.06.18"]
[SourceVersion "1"]
[SourceVersionDate "2025.06.18"]
[SourceQuality "1"]
[WhiteTeam "KYR Youth"]
[BlackTeam "Oxbridge"]
[WhiteTeamCountry "KGZ"]
[BlackTeamCountry "ENG"]

1. e4 Nf6 2. e5 Nd5 3. d4 d6 4. exd6 exd6 5. c4 Nb6 6. Nc3 Be7 7. Nf3 0-0 8. h3 Re8 9. Be2 Bf6 10. 0-0 Be6 11. b3 a5 12. a4 d5 13. c5 N6d7 14. Bb2 Nc6 15. Re1 g6 16. Qd2 b6 17. cxb6 cxb6 18. Nb5 Qb8 19. Rac1 Rc8 20. Ba3 Be7 21. Bxe7 Nxe7 22. Bd3 Nf5 23. Ng5 Nf8 24. Nxe6 fxe6 25. Bxf5 gxf5 26. Qg5+ Kh8 27. Qf6+ Kg8 28. Rcd1 Qf4 29. Rd3 Rc1 30. Rxc1 Qxc1+ 31. Kh2 Re8 32. Nd6 Qc7 33. Rg3+ Ng6 34. Nxe8 Qd7 35. Qxg6+ 1-0

[Event "WchT Rapid"]
[Site "London"]
[Date "2025.06.11"]
[Round "1.6"]
[White "Sezdbekova, Aizhan"]
[Black "Han, Qixuan"]
[Result "1-0"]
[WhiteElo "1793"]
[BlackElo "1831"]
[PlyCount "99"]
[EventDate "2025.06.11"]
[EventType "team-swiss"]
[EventRounds "12"]
[EventCountry "ENG"]
[SourceTitle "CB25_2025"]
[SourceDate "2025.06.18"]
[SourceVersion "1"]
[SourceVersionDate "2025.06.18"]
[SourceQuality "1"]
[WhiteTeam "KYR Youth"]
[BlackTeam "Mongolia"]
[WhiteTeamCountry "KGZ"]
[BlackTeamCountry "MGL"]

1. e4 c5 2. Nf3 d6 3. c3 Nf6 4. Bd3 g6 5. Bc2 Bg7 6. d4 cxd4 7. cxd4 Nc6 8. Nc3 0-0 9. h3 e5 10. d5 Nb4 11. Bb3 Nd7 12. a3 Na6 13. Bc2 f5 14. b4 fxe4 15. Nxe4 Nf6 16. Bg5 Qc7 17. Bxf6 Bxf6 18. Rc1 Qe7 19. 0-0 Bf5 20. Re1 Bg7 21. b5 Nc7 22. a4 Rad8 23. Bb1 Qf7 24. Qd2 Rd7 25. Ba2 Bxh3 26. Nfg5 Bh6 27. gxh3 Qf5 28. Qe3 Ne8 29. Qg3 Nf6 30. Nxf6+ Rxf6 31. Ne4 Rf8 32. Rc2 Bf4 33. Qg4 Qf7 34. Nf6+ Qxf6 35. Qxd7 Rf7 36. Qe6 Qg5+ 37. Qg4 Qf6 38. Ree2 h5 39. Qg2 Kh7 40. Rc4 g5 41. Bb1+ Kh6 42. Qe4 Rg7 43. Rc8 g4 44. Rh8+ Kg5 45. hxg4 Kxg4 46. Kf1 Kh4 47. Qh1+ Bh2 48. Qxh2+ Kg4 49. Qxh5+ Kf4 50. Re4# 1-0

[Event "Olympiad Women-45"]
[Site "Budapest"]
[Date "2024.09.22"]
[Round "11.3"]
[White "Bargan, Victoria"]
[Black "Sezdbekova, Aizhan"]
[Result "1-0"]
[WhiteElo "1941"]
[BlackElo "1799"]
[PlyCount "145"]
[EventDate "2024.09.11"]
[EventType "team-swiss"]
[EventRounds "11"]
[EventCountry "HUN"]
[SourceTitle "EXT 2025"]
[Source "ChessBase"]
[SourceDate "2024.10.14"]
[SourceVersion "1"]
[SourceVersionDate "2024.10.14"]
[SourceQuality "1"]
[WhiteTeam "Moldova (W)"]
[BlackTeam "Kyrgyzstan (W)"]
[WhiteTeamCountry "MDA"]
[BlackTeamCountry "KGZ"]

1. d4 Nf6 2. c4 e6 3. Nc3 d5 4. cxd5 exd5 5. Bg5 Be7 6. e3 Bf5 7. Bxf6 Bxf6 8. Qb3 b6 9. Qxd5 Qxd5 10. Nxd5 Bd8 11. Nf3 Be4 12. Nc3 Bxf3 13. gxf3 0-0 14. Bg2 Nd7 15. 0-0 Nf6 16. f4 Rc8 17. Nb5 a6 18. Na7 Rb8 19. Nc6 Rc8 20. Rac1 a5 21. Bh3 Ra8 22. Nxd8 Rfxd8 23. Rxc7 Nd5 24. Rcc1 Rab8 25. a3 g6 26. f5 g5 27. Rfd1 Rd6 28. Rd2 Rbd8 29. Rcd1 Kg7 30. Bg2 Ne7 31. e4 Nc6 32. d5 Ne5 33. Rc2 Kf6 34. f3 h6 35. h4 Rg8 36. hxg5+ hxg5 37. Kf2 Rh8 38. Kg3 Ke7 39. Rc7+ Kf6 40. Rc3 Ke7 41. Rh1 Rxh1 42. Bxh1 Kd8 43. f4 gxf4+ 44. Kxf4 f6 45. Bf3 Rd7 46. Ke3 Rh7 47. Bd1 Rh3+ 48. Kd4 Rh2 49. Rc2 Rxc2 50. Bxc2 Kd7 51. Bd1 Kd6 52. Be2 Kc7 53. Ke3 Kd6 54. b4 axb4 55. axb4 Nf7 56. Kf4 Ne5 57. Ke3 Nd7 58. Kd4 Ne5 59. Kc3 Nf7 60. Kc4 Ke5 61. Kb5 Kxe4 62. Kxb6 Kxd5 63. Bb5 Ne5 64. Ba6 Nf7 65. Bc8 Kd6 66. b5 Nd8 67. Ka7 Kc7 68. Be6 Kd6 69. b6 Kc6 70. Bc8 Kd6 71. b7 Nc6+ 72. Kb6 Nb8 73. Be6 1-0

[Event "Olympiad Women-45"]
[Site "Budapest"]
[Date "2024.09.19"]
[Round "8.3"]
[White "Kaslan, Alexandra"]
[Black "Sezdbekova, Aizhan"]
[Result "1/2-1/2"]
[WhiteElo "1675"]
[BlackElo "1799"]
[PlyCount "105"]
[EventDate "2024.09.11"]
[EventType "team-swiss"]
[EventRounds "11"]
[EventCountry "HUN"]
[SourceTitle "EXT 2025"]
[Source "ChessBase"]
[SourceDate "2024.10.14"]
[SourceVersion "1"]
[SourceVersionDate "2024.10.14"]
[SourceQuality "1"]
[WhiteTeam "Suriname (W)"]
[BlackTeam "Kyrgyzstan (W)"]
[WhiteTeamCountry "SUR"]
[BlackTeamCountry "KGZ"]

1. d4 Nf6 2. c4 e6 3. Nf3 d5 4. Nc3 Be7 5. cxd5 exd5 6. e3 0-0 7. Bd3 Bg4 8. h3 Bh5 9. 0-0 c6 10. Be2 Nbd7 11. Qb3 Rb8 12. Re1 Re8 13. Nd2 Bxe2 14. Rxe2 b5 15. Qc2 Qb6 16. a3 a5 17. Nf3 Bd6 18. e4 b4 19. axb4 axb4 20. Na4 Qb5 21. e5 Bc7 22. b3 h6 23. Bb2 Ne4 24. Rc1 Re6 25. Re3 f5 26. Nd2 Nxd2 27. Qxd2 Bd8 28. f4 Be7 29. Qc2 Rf8 30. Qe2 Qb7 31. Qc2 g6 32. Rf1 Rc8 33. Nc5 Bxc5 34. dxc5 Nf6 35. g4 Ne4 36. gxf5 gxf5 37. Kh2 Kh7 38. Rg1 Qf7 39. Re2 Rg8 40. Reg2 Rxg2+ 41. Rxg2 Rg6 42. Bd4 Qg8 43. Rxg6 Qxg6 44. Qd3 h5 45. Qf3 Kh6 46. h4 Kh7 47. Be3 Kg8 48. Qg2 Qxg2+ 49. Kxg2 Kf7 50. Kf3 Ke6 51. Ke2 Kd7 52. Kd3 Ke6 53. Ke2 1/2-1/2

[Event "Moscow Botvinnik Memorial Cup"]
[Site "Moscow"]
[Date "2024.09.09"]
[Round "9.16"]
[White "Sezdbekova, Aizhan"]
[Black "Demidov, Mikhail"]
[Result "0-1"]
[WhiteElo "1799"]
[BlackElo "2549"]
[PlyCount "84"]
[EventDate "2024.09.04"]
[EventType "team-tourn"]
[EventRounds "9"]
[EventCountry "RUS"]
[SourceTitle "EXT 2025"]
[Source "ChessBase"]
[SourceDate "2024.10.14"]
[SourceVersion "1"]
[SourceVersionDate "2024.10.14"]
[SourceQuality "1"]
[WhiteTeam "Kyrgyzstan"]
[BlackTeam "Russia"]
[WhiteTeamCountry "KGZ"]
[BlackTeamCountry "RUS"]

1. e4 g6 2. d4 Bg7 3. Nc3 a6 4. Be3 b5 5. a3 Bb7 6. f3 d6 7. Qd2 Nd7 8. Nge2 c5 9. dxc5 Nxc5 10. Bd4 Bxd4 11. Qxd4 Nf6 12. g4 Ne6 13. Qe3 Qa5 14. b4 Qc7 15. g5 Nd7 16. Bh3 Qb6 17. Qxb6 Nxb6 18. Bxe6 fxe6 19. a4 bxa4 20. Nxa4 Nc4 21. Rg1 0-0 22. Rg3 Bc6 23. Nd4 Bd7 24. Ra2 Rfb8 25. c3 e5 26. Nc2 Be6 27. Ra1 a5 28. Ke2 Bd7 29. b5 Bxb5 30. Ke1 Bd7 31. Ke2 Rb3 32. Ne3 Bxa4 33. Rxa4 Nxe3 34. Kxe3 Rxc3+ 35. Ke2 Rc2+ 36. Kd3 Rxh2 37. Rg1 Rb2 38. Rga1 Rb3+ 39. Ke2 Rf8 40. Rf1 Rb2+ 41. Kd3 Rg2 42. Rxa5 Rxg5 0-1

[Event "Moscow Botvinnik Memorial Cup"]
[Site "Moscow"]
[Date "2024.09.06"]
[Round "4.32"]
[White "Sezdbekova, Aizhan"]
[Black "Baghdasaryan, Vahe"]
[Result "0-1"]
[WhiteElo "1799"]
[BlackElo "2251"]
[PlyCount "88"]
[EventDate "2024.09.04"]
[EventType "team-tourn"]
[EventRounds "9"]
[EventCountry "RUS"]
[SourceTitle "EXT 2025"]
[Source "ChessBase"]
[SourceDate "2024.10.14"]
[SourceVersion "1"]
[SourceVersionDate "2024.10.14"]
[SourceQuality "1"]
[WhiteTeam "Kyrgyzstan"]
[BlackTeam "Armenia"]
[WhiteTeamCountry "KGZ"]
[BlackTeamCountry "ARM"]

1. e4 c5 2. Nf3 e6 3. c3 Nf6 4. e5 Nd5 5. d4 cxd4 6. Qxd4 Nc6 7. Qe4 f5 8. Qe2 b5 9. g3 a6 10. Bg2 Bb7 11. Nh4 Nde7 12. 0-0 Qc7 13. Rd1 0-0-0 14. f4 g5 15. Nf3 gxf4 16. Bxf4 Ng6 17. Bg5 Bc5+ 18. Kh1 Ncxe5 19. Bxd8 Rxd8 20. Nxe5 Nxe5 21. Bxb7+ Qxb7+ 22. Qg2 Qxg2+ 23. Kxg2 Nc4 24. Rc1 Nxb2 25. Nd2 d5 26. Rc2 Nc4 27. Nxc4 bxc4 28. Re1 Re8 29. Rce2 Kd7 30. Kf3 Kd6 31. Kf4 d4 32. cxd4 Bxd4 33. Rc2 c3 34. Rb1 Kd5 35. Rb4 Kc5 36. Ra4 Rb8 37. Ra3 Kc4 38. Kf3 Kd3 39. Re2 e5 40. Re1 Rb2 41. g4 Rf2+ 42. Kg3 f4+ 43. Kh3 Kd2 44. Rh1 c2 0-1

[Event "Asia-ch Rapid U14 Girls"]
[Site "Almaty"]
[Date "2024.06.10"]
[Round "2"]
[White "Sezdbekova, Aizhan"]
[Black "Dudkina, Uliana"]
[Result "0-1"]
[WhiteElo "1785"]
[BlackElo "1956"]
[PlyCount "82"]
[EventDate "2024.06.10"]
[EventType "swiss (rapid)"]
[EventRounds "9"]
[EventCountry "KAZ"]
[SourceTitle "EXT 2025"]
[Source "ChessBase"]
[SourceDate "2024.10.14"]
[SourceVersion "1"]
[SourceVersionDate "2024.10.14"]
[SourceQuality "1"]
[WhiteTeam "KGZ"]
[BlackTeam "RUS"]

1. e4 c5 2. Nf3 e6 3. c3 Nf6 4. e5 Nd5 5. d4 cxd4 6. cxd4 d6 7. Nc3 Nc6 8. Bg5 Qb6 9. Bc4 dxe5 10. Bxd5 exd5 11. dxe5 d4 12. Ne2 Bb4+ 13. Bd2 Bg4 14. Bxb4 Qxb4+ 15. Qd2 Bxf3 16. gxf3 Qxd2+ 17. Kxd2 Nxe5 18. Nxd4 0-0 19. f4 Nc4+ 20. Kc3 Rac8 21. b3 Nb6+ 22. Kb2 Nd5 23. f5 Nf4 24. Rad1 Rfd8 25. Rd2 g6 26. fxg6 hxg6 27. Rhd1 a6 28. Re1 Kg7 29. Re7 b5 30. Re4 Nd5 31. Nf3 Nf6 32. Red4 Rxd4 33. Rxd4 Rh8 34. Rd6 Rh3 35. Rd3 Ng4 36. Kc3 Nxf2 37. Re3 Nd1+ 38. Kd2 Nxe3 39. Kxe3 Kf6 40. Kf4 Rh8 41. h4 Re8 0-1

[Event "KGZ-ch (Women)"]
[Site "Bishkek"]
[Date "2024.05.09"]
[Round "9"]
[White "Bekbasarova, Nurnisa"]
[Black "Sezdbekova, Aizhan"]
[Result "0-1"]
[WhiteElo "1720"]
[BlackElo "1869"]
[PlyCount "66"]
[EventDate "2024.05.01"]
[EventType "tourn"]
[EventRounds "11"]
[EventCountry "KGZ"]
[SourceTitle "EXT 2025"]
[Source "ChessBase"]
[SourceDate "2024.10.14"]
[SourceVersion "1"]
[SourceVersionDate "2024.10.14"]
[SourceQuality "1"]

1. e4 e5 2. Nf3 Nc6 3. Bc4 Nf6 4. Ng5 d5 5. exd5 Na5 6. Bb5+ c6 7. dxc6 bxc6 8. Bd3 Bd6 9. 0-0 0-0 10. Nc3 Bb7 11. Re1 c5 12. Nge4 c4 13. Nxf6+ Qxf6 14. Be4 Qe7 15. Bxb7 Nxb7 16. d4 cxd3 17. Qxd3 Rad8 18. Qe2 f5 19. Bf4 Rde8 20. Qc4+ Kh8 21. Nb5 Bb8 22. Bd2 Rc8 23. Qa4 Nc5 24. Qa5 a6 25. Nc3 e4 26. Rad1 f4 27. b4 f3 28. gxf3 Rxf3 29. Ne2 Bxh2+ 30. Kg2 Qh4 31. Ng3 Rxf2+ 32. Kxf2 Qxg3+ 33. Ke2 Qf3# 0-1

[Event "KGZ-ch (Women)"]
[Site "Bishkek"]
[Date "2024.05.05"]
[Round "5"]
[White "Tursunalieva, Nurelina"]
[Black "Sezdbekova, Aizhan"]
[Result "0-1"]
[WhiteElo "1743"]
[BlackElo "1869"]
[PlyCount "150"]
[EventDate "2024.05.01"]
[EventType "tourn"]
[EventRounds "11"]
[EventCountry "KGZ"]
[SourceTitle "EXT 2025"]
[Source "ChessBase"]
[SourceDate "2024.10.14"]
[SourceVersion "1"]
[SourceVersionDate "2024.10.14"]
[SourceQuality "1"]

1. Nf3 Nf6 2. g3 d6 3. d4 Nbd7 4. Bg2 e5 5. dxe5 dxe5 6. Nc3 c6 7. 0-0 Qc7 8. e4 Bc5 9. Qe2 b5 10. a3 a5 11. Ne1 0-0 12. Nd3 Ba6 13. Nxc5 Nxc5 14. b4 Ne6 15. Be3 Qe7 16. Rab1 Bc8 17. f4 Nd4 18. Bxd4 exd4 19. Nd1 axb4 20. axb4 Be6 21. Nf2 Bc4 22. Nd3 Ra4 23. Rfe1 Rfa8 24. e5 Nd5 25. Bxd5 Bxd5 26. f5 Qg5 27. Qf2 Ra2 28. f6 g6 29. Re2 Qg4 30. Rbe1 Bf3 31. h3 Qf5 32. g4 Bxe2 33. gxf5 Bxd3 34. e6 Bxf5 35. exf7+ Kxf7 36. Qe2 R2a7 37. Qf2 Rd8 38. Qh4 h5 39. Qg5 Rad7 40. Qd2 Kxf6 41. Qg2 Rd6 42. h4 Kf7 43. Qg5 Re8 44. Rxe8 Kxe8 45. Qd2 Kd7 46. Kf2 Rd5 47. Kg2 Be4+ 48. Kh2 Ke6 49. Kg1 Bf5 50. Kf2 Kd6 51. Qf4+ Ke6 52. Qc7 Rd6 53. Qc8+ Kd5 54. Qg8+ Re6 55. Qf8 Ke4 56. Qc5 Bg4 57. Qg5 Bf5 58. Qg2+ Ke5 59. Qg3+ Kd5 60. Qb3+ Kd6 61. Qb2 Re4 62. Kg3 Rg4+ 63. Kh3 Ke5 64. Qa2 Rg1+ 65. Kh2 Rc1 66. Qf7 Rxc2+ 67. Kg3 Rc3+ 68. Kf2 Kf4 69. Qf6 Rc2+ 70. Ke1 Ke3 71. Qe5+ Kd3 72. Qg3+ Kc4 73. Qd6 d3 74. Qf4+ Kb3 75. Kd1 Bg4+ 0-1

[Event "Wch U14 Girls"]
[Site "Montesilvano"]
[Date "2023.11.23"]
[Round "10"]
[White "Skramstad, Oda Kofoed"]
[Black "Sezdbekova, Aizhan"]
[Result "1-0"]
[WhiteElo "1801"]
[BlackElo "1594"]
[PlyCount "131"]
[EventDate "2023.11.13"]
[EventType "swiss"]
[EventRounds "11"]
[EventCountry "ITA"]
[SourceTitle "CBM 217 Extra"]
[Source "ChessBase"]
[SourceDate "2024.01.31"]
[SourceVersion "1"]
[SourceVersionDate "2024.01.31"]
[SourceQuality "1"]

1. d4 d6 2. Nf3 Nf6 3. c4 Nbd7 4. Nc3 e5 5. e4 Be7 6. Be2 0-0 7. 0-0 h6 8. a3 Re8 9. Qc2 Bf8 10. Rd1 exd4 11. Nxd4 Nc5 12. f3 g6 13. Be3 Bg7 14. Bf2 Nh5 15. Bf1 Qg5 16. Nce2 Ne6 17. Qd2 Qe7 18. Rac1 Kh7 19. b4 Bd7 20. Nxe6 Qxe6 21. Nc3 Be5 22. Be3 g5 23. c5 Rad8 24. cxd6 Bc6 25. Qc2 cxd6 26. b5 Bd7 27. Nd5 Rc8 28. Qd2 Qg6 29. Rxc8 Bxc8 30. Rc1 Nf6 31. Bd3 Nxd5 32. exd5 Bf5 33. Bf1 Re7 34. g4 Bd7 35. Bd3 f5 36. Rc7 Qf7 37. Qc2 Kh8 38. gxf5 Bg7 39. Bf2 Qf6 40. Rxb7 Be8 41. Rxe7 Qxe7 42. Qe2 Be5 43. Qc2 Qb7 44. Qc4 Kg8 45. Kg2 Kf8 46. a4 h5 47. Bd4 Qe7 48. Bf2 h4 49. h3 Qb7 50. a5 Bd7 51. b6 axb6 52. axb6 Kf7 53. Qa6 Bc8 54. Qc4 Kf8 55. Qg4 Bf6 56. Qh5 Qg7 57. Bb5 Qe7 58. Qg4 Bb7 59. Qc4 Qf7 60. Bc6 Bd8 61. Bxb7 Qxb7 62. Qc6 Qb8 63. b7 Ke7 64. Qc8 Bc7 65. Bb6 Kf6 66. Qxc7 1-0

[Event "Wch U14 Girls"]
[Site "Montesilvano"]
[Date "2023.11.18"]
[Round "6"]
[White "Lyutsinger, Iren"]
[Black "Sezdbekova, Aizhan"]
[Result "1/2-1/2"]
[WhiteElo "2020"]
[BlackElo "1594"]
[PlyCount "67"]
[EventDate "2023.11.13"]
[EventType "swiss"]
[EventRounds "11"]
[EventCountry "ITA"]
[SourceTitle "CBM 217 Extra"]
[Source "ChessBase"]
[SourceDate "2024.01.31"]
[SourceVersion "1"]
[SourceVersionDate "2024.01.31"]
[SourceQuality "1"]

1. e4 c5 2. Nf3 d6 3. d4 cxd4 4. Nxd4 e5 5. Bb5+ Bd7 6. Bxd7+ Nxd7 7. Nf5 Nb6 8. a4 g6 9. Ne3 Nf6 10. Nc3 Rc8 11. Qd3 a6 12. 0-0 Qc7 13. f4 exf4 14. Ned5 Nbxd5 15. exd5 Qb6+ 16. Kh1 Ng4 17. Qe4+ Ne5 18. Qxf4 Bg7 19. Ne4 0-0 20. Ra3 Rxc2 21. Rh3 h5 22. Be3 Qxb2 23. Bd4 Qa2 24. Rg3 Qxd5 25. Nf6+ Bxf6 26. Qxf6 Qxd4 27. Rxg6+ fxg6 28. Qxf8+ Kh7 29. Qe7+ Kh6 30. Qf8+ Kh7 31. Qe7+ Kh6 32. Qf8+ Kh7 33. Qe7+ Kh6 34. Qf8+ 1/2-1/2